• 首页
  • 本馆介绍
  • 公告通知
  • 最新文献
  • 馆藏检索
  • 电子资源
  • 读者导购
  • 参考咨询
  • 我的图书馆
  • 登录
  • 详细信息显示
  • 放入我的书架
  • 预约/预借图书
  • 作者相关作品
  • 分类相关作品
  • 丛书相关作品
  • 出版社相关作品

书目信息

  • 表格格式
  • 工作单格式
  • 卡片格式
题名:
世界美术名作二十讲
    
 
作者: 傅雷, 著
分册:  
出版信息: 成都   巴蜀书社  2018
页数: 255页
开本: 24cm
丛书名:
单 册:
中图分类: J205.1
科图分类:
主题词: 绘画评论--hui hua ping lun--世界
电子资源:
ISBN: 978-7-5531-1037-0
000 01055nam0 2200253 450
001 012001009268
005 20140101090156.0
010    @a978-7-5531-1037-0@dCNY45.00
099    @aCAL 012019079785
100    @a20190612d2018 em y0chiy50 ea
101 0  @achi
102    @aCN@b510000
105    @ay z 000yd
106    @ar
200 1  @a世界美术名作二十讲@Ashi jie mei shu ming zuo er shi jiang@d= Twenty lectures on world masterpieces of fine art@f傅雷著@zeng
210    @a成都@c巴蜀书社@d2018
215    @a255页@d24cm
330    @a本书围绕文艺复兴以来近二十位艺术大师及其名作展开,生动洗练地讲解了乔托、多那太罗、波提切利、 达·芬奇等大师的身世片段、艺术风格、人格操守,从中可见13世纪到19世纪欧洲艺术的发展脉络。此外本书还增补了弗雷先生撰写的美术、音乐艺术评论,文辞浅显通俗,耐人寻味。
510 1  @aTwenty lectures on world masterpieces of fine art@zeng
606 0  @a绘画评论@Ahui hua ping lun@y世界
690    @aJ205.1@v5
701  0 @a傅雷,@Afu lei@f1908-1966@4著
801  0 @aCN@b上海新华@c20191020
905    @b1187545-8@dJ205.1@e1088@f4
    
    世界美术名作二十讲= Twenty lectures on world masterpieces of fine art/傅雷著.-成都:巴蜀书社,2018
    255页;24cm
    
    
    ISBN 978-7-5531-1037-0:CNY45.00
    本书围绕文艺复兴以来近二十位艺术大师及其名作展开,生动洗练地讲解了乔托、多那太罗、波提切利、 达·芬奇等大师的身世片段、艺术风格、人格操守,从中可见13世纪到19世纪欧洲艺术的发展脉络。此外本书还增补了弗雷先生撰写的美术、音乐艺术评论,文辞浅显通俗,耐人寻味。
●
相关链接 在E读中查询图书 在五车中查询图书 在当当中查询图书 在豆瓣中查询图书


正题名:世界美术名作二十讲     索取号:J205.1/1088         预约/预借

序号 登录号 条形码 馆藏地/架位号 状态 备注
1 1187545   211875452   第一样本阅览室/ [索取号:J205.1/1088] 在馆    
2 1187546   211875461   第一借阅区/ [索取号:J205.1/1088] 在馆    
3 1187547   211875470   第一借阅区/ [索取号:J205.1/1088] 在馆    
4 1187548   211875489   第一借阅区/ [索取号:J205.1/1088] 在馆    
唐山师范学院图书馆 欢迎您!
大连网信软件有限公司© 版权所有